Rainforest Animals - Statistics

General Stats
  • This quiz has been taken 22 times
  • The average score is 6 of 26
Answer Stats
Hint Answer % Correct
J Jaguar
73%
F Frog
53%
L Lemur
53%
T Toucan
47%
G Gorilla
40%
M Macaw
40%
S Sloth
33%
A Anteater
20%
I Iguana
20%
O Okapi
20%
P Piranha
20%
Z Zorro
20%
B Butterfly
13%
C Chameleon
13%
D Dolphin
13%
E Eagle
13%
H Honeycreeper
13%
N Night monkey
13%
R Rhino
13%
X Xenops
13%
Y Yapok
13%
K Katydid
7%
Q Quetzal
7%
U Ukari
7%
V Viper
7%
W Wallaby
7%
No matching quizzes found
Score Distribution
Percent of People with Each Score
Percentile by Number Answered
Your Score History
You have not taken this quiz